zpět

Detail výsledku týmu

Jak jinak pub, Třebíč

Datum a čas kvízu

28.5 Celkem bodů Celkový počet nahraných bodů na tomto kvízu bez doplňovacích otázek.
4. Pořadí na kvízu Konečné umístění týmu na tomto kvízu.

Zaznamenané odpovědi

# Otázka Odpověď Body Výsledky
1. Který 63letý muž se ve čtvrtek... Jiří Kajínek 1
2. Které tři evropské země uznaly... Norsko, Španělsko, Irsko 0
3. Jak se nazývá literární festiv... Svět knihy 0
4. Minulý týden byl oznámen konec... ICQ 1
5. Jak se jmenuje 23letý český te... Tomáš Macháč 1
6. Středověk bývá obvykle ohranič... D 0
7. Jak se jmenoval významný střed... Vilém I. Dobyvatel 0
8. Jak se jmenoval český kníže z... Vratislav 0
9. Vytvořte z těchto středověkých... 1A 2B 3C 4D 0
10. Závěrem tématu se podíváme na... tulipán 0